000
00249nam a2200097Ia 4500
001
1206728
005
20251013104638.0
008
250824s9999 xx 000 0 und d
245
0
_a
KUMRAL ADA MAVİ TUNA
_c
BUKET UZUNER
260
_b
EVEREST YAYINLARI
999
_c
1206728
_d
1206728